000
00201 a2200097 4500
001
42990
100
_a
Geiger
245
_a
Alpine pilot
260
_a
London
_b
Cassell co ltd
_c
090
_c
26866
_d
26866
942
_a
NUST-CAE
_c
M
_c
18742
999
_c
278063
_d
278063